000 00546nam a2200193 a 4500
001 20390
003 CO-ViMGA
008 141112s2004 ck r 000 u spa d
020 _a1930332653
040 _aCO-ViMGA
_bspa
_cCO-ViMGA
082 0 4 _aCOLa
100 1 _aColl, Da Coll
_929435
245 1 0 _aAzúcar
260 _aNewYork :
_bLectorum,
_c2005
300 _a20p il.
590 _aForma de adquisición : Donación - - Precio : 14000 - - Fecha de adquisición : Marzo 2006
650 1 4 _aCRUZ - CELIA - BIOGRAFÍA
_929436
942 _2ddc
_cBK
999 _c29391
_d29391